| 000 | 01006nam a22003257a 4500 | ||
|---|---|---|---|
| 003 | CHAP | ||
| 005 | 20220329134838.0 | ||
| 008 | 971013s1956 r 00010 d | ||
| 010 | _a26871 | ||
| 011 | _a27843 | ||
| 035 | _a31944 | ||
| 040 | _cCHAP | ||
| 090 | _aFolleto 4299 | ||
| 100 | 0 | 0 |
_aKassander, A. Richard, Jr. _962777 |
| 245 | _aCloud photogrammetry with ground-located K-17 aerial cameras | ||
| 260 |
_aTucson : _bUniversity of Arizona, _c1956 |
||
| 300 |
_a13 h. _b: ilus. |
||
| 490 |
_aScientific report _v; 2 |
||
| 590 |
_aBATCH-UPD _b10 _c20130110 _lUCH01 _h0145 |
||
| 590 |
_aBATCH-UPD _b10 _c20130110 _lUCH01 _h1051 |
||
| 590 |
_aBATCH-UPD _b10 _c20130410 _lUCH01 _h0648 |
||
| 590 |
_aBATCH-UPD _b10 _c20130914 _lUCH01 _h1433 |
||
| 590 |
_aCONVERSION _b10 _c20130109 _lUCH01 _h1315 |
||
| 650 | 1 | 4 |
_aFotogrametría. _942720 |
| 650 | 1 | 4 |
_aNubes. _982111 |
| 830 | 0 |
_aScientific report _v; 2 _9103331 |
|
| 901 | _aBK | ||
| 942 | _cFOLL | ||
| 949 |
_aFolleto 4299 _bBC _cFOLL _d-73995 _eTS1 _i31944 _si |
||
| 999 |
_c26871 _d26871 |
||